| Tag |
First Indicator |
Second Indicator |
Subfields |
| LEADER |
00000cgm a2200000Mi 4500 |
| 001 |
in00005542607 |
| 006 |
m o c |
| 007 |
cr |n||||||||a |
| 007 |
vz |za|z| |
| 008 |
180913s2015 nju002 e o vueng d |
| 005 |
20241201225935.7 |
| 035 |
|
|
|a (OCoLC)on1057015055
|
| 040 |
|
|
|a ALSTP
|b eng
|e rda
|e pn
|c ALSTP
|d OCLCO
|d OCLCF
|d OCLCQ
|d OCLCO
|d CAUOI
|d OCLCO
|d UPM
|d OCLCO
|d OCLCA
|d OCLCO
|
| 020 |
|
|
|z 9781119077046
|
| 035 |
|
|
|a (OCoLC)1057015055
|
| 049 |
|
|
|a TXAM
|
| 245 |
0 |
0 |
|a Excel 2016 for dummies formulas & tools course.
|p Filling in data fast with Excel 2016 Flash Fill /
|c For Dummies, a Wiley brand.
|
| 264 |
|
1 |
|a Hoboken, NJ :
|b John Wiley & Sons,
|c 2015.
|
| 300 |
|
|
|a 1 online resource (2 min.)
|
| 306 |
|
|
|a 000151
|
| 336 |
|
|
|a two-dimensional moving image
|b tdi
|2 rdacontent
|
| 337 |
|
|
|a computer
|b c
|2 rdamedia
|
| 337 |
|
|
|a video
|b v
|2 rdamedia
|
| 338 |
|
|
|a online resource
|b cr
|2 rdacarrier
|
| 347 |
|
|
|a video file
|2 rda
|
| 500 |
|
|
|a Title from resource description page (viewed September 13, 2018).
|
| 520 |
|
|
|a When you need to fill in columns with data from other columns, Flash Fill is the feature you want. This video shows how Flash Fill can extract data from one column to fill in a series of data in another column.
|
| 546 |
|
|
|a In English.
|
| 630 |
0 |
0 |
|a Microsoft Excel (Computer file)
|
| 630 |
0 |
7 |
|a Microsoft Excel (Computer file)
|2 fast
|0 (OCoLC)fst01366659
|
| 650 |
|
0 |
|a Electronic spreadsheets
|x Computer programs.
|
| 650 |
|
6 |
|a Tableurs
|x Logiciels.
|
| 650 |
|
7 |
|a Electronic spreadsheets
|x Computer programs.
|2 fast
|0 (OCoLC)fst00907465
|
| 655 |
|
7 |
|a Instructional films.
|2 fast
|0 (OCoLC)fst01726236
|
| 655 |
|
7 |
|a Instructional films.
|2 lcgft
|
| 655 |
|
7 |
|a Films de formation.
|2 rvmgf
|
| 776 |
0 |
8 |
|i Original version:
|z 9781119077046
|
| 856 |
4 |
0 |
|u http://proxy.library.tamu.edu/login?url=https://www.aspresolver.com/aspresolver.asp?MARC;3906747
|z Connect to this streaming video (Alexander Street Press)
|t 0
|
| 955 |
|
|
|a Alexander Street Press subscription streaming video
|
| 994 |
|
|
|a 92
|b TXA
|
| 999 |
f |
f |
|s a1010938-cd2b-480a-b5f5-5e35a2a1325d
|i 0033e04d-e515-43f1-bc52-8c40bc65bfc0
|t 0
|
| 952 |
f |
f |
|a Texas A&M University
|b College Station
|c Electronic Resources
|d Available Online
|t 0
|h Library of Congress classification
|
| 998 |
f |
f |
|t 0
|l Available Online
|